Văn hoá và nếp sống đô thị ở TP. Hồ Chí Minh trong quá trình công nghiệp hoá, hiện đại hoá: thực trạng và định hướng /
Na minha lista:
| Autor principal: | |
|---|---|
| Formato: | Atigo |
| Idioma: | Vietnamese |
| Assuntos: | |
| Tags: |
Adicionar Tag
Sem tags, seja o primeiro a adicionar uma tag!
|
| Thư viện lưu trữ: | Thư viện Trường Đại học Đà Lạt |
|---|
| LEADER | 00945nam a2200289 4500 | ||
|---|---|---|---|
| 001 | DLU090073207 | ||
| 005 | ##20090508 | ||
| 040 | # | # | |a DLU |b vie |
| 041 | # | # | |a vie |
| 044 | # | # | |a vn |
| 100 | # | # | |a Phạm Phương Thảo. |
| 245 | # | # | |a Văn hoá và nếp sống đô thị ở TP. Hồ Chí Minh trong quá trình công nghiệp hoá, hiện đại hoá: |b thực trạng và định hướng / |c Phạm Phương Thảo. |
| 653 | # | # | |a Công nghiệp hoá |
| 653 | # | # | |a Hiện đại hoá |
| 653 | # | # | |a Môi trường văn hoá |
| 653 | # | # | |a TP. Hồ Chí Minh |
| 653 | # | # | |a Văn hoá đô thị |
| 773 | # | # | |t Khoa học Xã hội |g Số 32, 1997, tr. 88-92 |
| 920 | # | # | |a Phòng Tạp chí -- Trung tâm Thông tin - Thư viện Trường Đại học Đà Lạt |
| 994 | # | # | |a DLU |
| 900 | # | # | |a True |
| 911 | # | # | |a Nguyễn Thanh Hương |
| 925 | # | # | |a G |
| 926 | # | # | |a A |
| 927 | # | # | |a BB |
| 980 | # | # | |a Thư viện Trường Đại học Đà Lạt |